University Home | Library Home | Institutional Repository

Geology of the rural basin in Queensland. (Record no. 132806)

MARC details
000 -LEADER
fixed length control field 01237cam1a220025300 4500
001 - CONTROL NUMBER
control field tmp15376308
003 - CONTROL NUMBER IDENTIFIER
control field UPRA
005 - DATE AND TIME OF LATEST TRANSACTION
control field 20190822112201.0
008 - FIXED-LENGTH DATA ELEMENTS--GENERAL INFORMATION
fixed length control field 950801s1976 at eng u
035 ## - SYSTEM CONTROL NUMBER
System control number (Sirsi) r94122
035 ## - SYSTEM CONTROL NUMBER
System control number (UPRA)tmp15376308
040 ## - CATALOGING SOURCE
Transcribing agency UPRA
245 00 - TITLE STATEMENT
Title Geology of the rural basin in Queensland.
260 ## - PUBLICATION, DISTRIBUTION, ETC.
Place of publication, distribution, etc. Canberra :
Name of publisher, distributor, etc. Australian Govt. Publ. Service,
Date of publication, distribution, etc. 1976.
490 1# - SERIES STATEMENT
Series statement Dept. of National Resources. Bureau of Mineral Resources Geology and Biophysics. Bulletin ;
Volume/sequential designation 166
504 ## - BIBLIOGRAPHY, ETC. NOTE
Bibliography, etc. note Includes bibliographical references.
505 0# - FORMATTED CONTENTS NOTE
Formatted contents note v. 1. Text -- v. 2. Maps.
650 #0 - SUBJECT ADDED ENTRY--TOPICAL TERM
Topical term or geographic name entry element Geology -- Queensland -- Rurat Region.
Geographic subdivision Geology -- Queensland -- Rurat Region.
-- Geology -- Queensland -- Rurat Region.
Linkage S41376.1
700 1# - ADDED ENTRY--PERSONAL NAME
Personal name Exon, N. F.
Linkage A52870.1
810 2# - SERIES ADDED ENTRY--CORPORATE NAME
Corporate name or jurisdiction name as entry element Dept. of National Resources. Bureau of Mineral Resources Geology and Biophysics. Bulletin ;
Subordinate unit Dept. of National Resources. Bureau of Mineral Resources Geology and Biophysics. Bulletin ;
Title of a work Dept. of National Resources. Bureau of Mineral Resources Geology and Biophysics. Bulletin ;
Volume/sequential designation 166
Linkage S8759.1
949 ## - LOCAL PROCESSING INFORMATION (OCLC)
a QE344
w lcc
i 33729000303656
m MAIN
p 2500
t BOOK
l ON-SHELF
949 ## - LOCAL PROCESSING INFORMATION (OCLC)
a QE344
w lcc
i -132516
m MAIN
t BOOK
l ON-SHELF

No items available.

© 2026 - The University of Zambia Library - Koha v25.11